|
|
|
|
| LEADER |
01962nam a2200517 a 4500 |
| 001 |
nkc20092025555 |
| 003 |
CZ PrNK |
| 005 |
20100609105602.0 |
| 007 |
ta |
| 008 |
091211s2009 xr g 001 facze |
| 015 |
|
|
|a cnb002025555
|
| 020 |
|
|
|a 978-80-200-1801-4
|q (váz.)
|
| 035 |
|
|
|a (OCoLC)641495680
|
| 040 |
|
|
|a ABA001
|b cze
|d BOA001
|d OLA001
|
| 041 |
1 |
|
|a cze
|h fre
|
| 045 |
|
|
|a w7x2
|
| 072 |
|
7 |
|a 821.133.1-3
|x Francouzská próza, francouzsky psaná
|2 Konspekt
|9 25
|
| 072 |
|
7 |
|a 929
|x Biografie
|2 Konspekt
|9 8
|
| 080 |
|
|
|a 821.133.1-31
|2 MRF
|
| 080 |
|
|
|a 821.133.1-051
|2 MRF
|
| 080 |
|
|
|a 929
|2 MRF
|
| 080 |
|
|
|a (0:82-312.6)
|2 MRF
|
| 100 |
1 |
|
|a Proust, Marcel,
|d 1871-1922
|7 jn19990006723
|4 aut
|
| 240 |
1 |
0 |
|a Jean Santeuil.
|l Česky
|7 aun2010571864
|
| 245 |
1 |
0 |
|a Jean Santeuil /
|c Marcel Proust ; [z francouzského originálu ... přeložil a doslov a chronologický přehled autorova života napsal Michal Novotný]
|
| 250 |
|
|
|a Vyd. 1.
|
| 260 |
|
|
|a Praha :
|b Academia,
|c 2009
|
| 300 |
|
|
|a 726 s. ;
|c 21 cm
|
| 490 |
1 |
|
|a Europa ;
|v sv. 21
|
| 504 |
|
|
|a Obsahuje bibliografii a rejstřík
|
| 600 |
1 |
7 |
|a Proust, Marcel,
|d 1871-1922
|7 jn19990006723
|2 czenas
|
| 648 |
|
4 |
|a 1871-1922
|
| 650 |
0 |
7 |
|a francouzští spisovatelé
|7 ph120380
|y 19.-20. století
|2 czenas
|
| 650 |
0 |
9 |
|a French authors
|y 19th-20th centuries
|2 eczenas
|
| 655 |
|
7 |
|a francouzské romány
|7 fd132289
|2 czenas
|
| 655 |
|
7 |
|a autobiografické romány
|7 fd131852
|2 czenas
|
| 655 |
|
9 |
|a French fiction
|2 eczenas
|
| 655 |
|
9 |
|a autobiographical novels
|2 eczenas
|
| 700 |
1 |
|
|a Novotný, Michal,
|d 1942-
|7 jk01090743
|4 trl
|4 waw
|
| 830 |
|
0 |
|a Europa (Academia)
|0 s
|
| 856 |
4 |
1 |
|u http://www.digitalniknihovna.cz/mzk/uuid/uuid:3000d550-43da-11e4-aded-005056827e51
|y Digitalizovaný dokument
|x NDK
|
| 910 |
2 |
|
|a BOA001
|b 2-1240.652
|
| 990 |
|
|
|a BK
|
| 995 |
|
|
|a 01
|
| 991 |
|
|
|b 201004
|
| 996 |
6 |
|
|b 2610432058
|c 2-1240.652
|l MZK
|r Sklad / do 1 hodiny
|n 1
|p p.v.
|w 001117972
|u 000010
|a 1
|e BOA001
|j MZK50
|s P
|